En torno a la tesis de las creencias básicas (Record no. 169496)
[ view plain ]
| 000 -CABECERA | |
|---|---|
| campo de control de longitud fija | 00726nab a2200229 a 4500 |
| 005 - FECHA Y HORA DE LA ÚLTIMA TRANSACCIÓN | |
| campo de control | 20210223132349.0 |
| 008 - ELEMENTOS DE LONGITUD FIJA--INFORMACIÓN GENERAL | |
| campo de control de longitud fija | 991125s1985 mx 000 0 spa u |
| 035 ## - NÚMERO DE CONTROL DEL SISTEMA | |
| Número de control de sistema | UPN01000197395 |
| 049 ## - COLECCIÓN | |
| Colección | ART |
| 100 1# - ASIENTO PRINCIPAL--NOMBRE PERSONAL | |
| Nombre de persona | García Campos, Jonatan |
| 9 (RLIN) | 32837 |
| 100 1# - ASIENTO PRINCIPAL--NOMBRE PERSONAL | |
| Filiación | yosjgc@lycos.com |
| 222 ## - TÍTULO CLAVE | |
| Título clave | IZTAPALAPA : |
| Información calificativa | REVISTA DE CIENCIAS SOCIALES Y HUMANIDADES |
| 245 ## - MENCIÓN DE TÍTULO | |
| Título | En torno a la tesis de las creencias básicas |
| 260 ## - PUBLICACIÓN, DISTRIBUCIÓN, ETC. | |
| Lugar de publicación, distribución, etc. | México |
| 300 ## - DESCRIPCIÓN FÍSICA | |
| Extensión | 67-84 |
| 362 0# - FECHAS DE PUBLICACIÓN Y/O DESIGNACIÓN SECUENCIAL | |
| Fecha de publicación y/o designación secuencial | 2003 Año 24, no. 54, ene.-jun. |
| 653 0# - TERMINO DE INDIZACION - NO CONTROLADO | |
| Término no controlado | EPISTEMOLOGIA |
| 653 0# - TERMINO DE INDIZACION - NO CONTROLADO | |
| Término no controlado | FUNDAMENTALISMO |
| 653 0# - TERMINO DE INDIZACION - NO CONTROLADO | |
| Término no controlado | RACIONALIDAD |
| 856 ## - LOCALIZACIÓN Y ACCESO ELECTRÓNICOS | |
| Identificador Uniforme del Recurso | <a href="http://tesiuami.uam.mx/revistasuam/iztapalapa/include/getdoc.php?id=1446&article=1473&mode=pdf">http://tesiuami.uam.mx/revistasuam/iztapalapa/include/getdoc.php?id=1446&article=1473&mode=pdf</a> |
| 905 ## - TIPO DE MATERIAL | |
| Tipo de material | Articulo |
No items available.
